| 000 | 00403nam a22001697a 4500 | ||
|---|---|---|---|
| 003 | CEME | ||
| 005 | 20210628203852.0 | ||
| 008 | 210305b xxu||||| |||| 00| 0 eng d | ||
| 020 | _a0-672-30669-7 | ||
| 040 | _c. | ||
| 082 | _a005.65 RAN | ||
| 100 |
_aRandall ,Latulipe _967650 |
||
| 245 | _aPlug-n-play internet for windows | ||
| 260 |
_aUSA _bSAMS _c1995 |
||
| 300 | _aXIII,383P | ||
| 942 |
_cBK _2ddc |
||
| 999 |
_c575377 _d575377 |
||